00342nam a2200121Ia 4500008004100000024001400041082001600055100001500071245005000086260002500136600002100161650003800182250506s9999 xx 000 0 und d a07A-43-BS a005.072 HAS aHassan Ali 0a4-Way Multiplayer Mobile Game Using Bluetooth aKarachi:bUIT,c2007 aComputer Science aBachelor of Computer Science (BS)